National Health Progammes and Policies (2017-18) (Record no. 575)

MARC details
000 -LEADER
Fixed length control field 00519nam a2200193Ia 4500
003 - CONTROL NUMBER IDENTIFIER
Control field IIN
005 - DATE AND TIME OF LATEST TRANSACTION
Control field 20240124145223.0
008 - FIXED-LENGTH DATA ELEMENTS--GENERAL INFORMATION
Fixed length control field 231217s9999 xx 000 0 und d
020 ## - INTERNATIONAL STANDARD BOOK NUMBER / ISBN
Price Rs.675.00
International Standard Book Number 9789386310439
040 ## - CATALOGING SOURCE
Original cataloging agency IIN
Language of cataloging English
082 ## - DEWEY DECIMAL CLASSIFICATION NUMBER
Classification number 362
Book Number SON
100 1# - MAIN ENTRY--PERSONAL NAME
Personal name Soni, Samata
245 1# - TITLE STATEMENT
Title National Health Progammes and Policies (2017-18)
Statement of responsibility Samata Soni
260 ## - IMPRINT
Name of publisher CBS
Place of publication New Delhi
Date of publication 2018
300 ## - PHYSICAL DESCRIPTION
Page / Vol. No xi, 571 p.
650 1# - SUBJECT ADDED ENTRY--TOPICAL TERM
Topical term Community Health Nursing
650 1# - SUBJECT ADDED ENTRY--TOPICAL TERM
Topical term Health Progammes
942 ## - ADDED ENTRY ELEMENTS (KOHA)
Koha item type Books
Holdings
Withdrawn status Lost status Source of classification Damaged status Not for loan Collection code Home library Current library Date acquired Price Total Checkouts Call number Accession number Date last seen Price effective from Koha item type
    Dewey Decimal Classification       IDEAL INSTITUTE OF NURSING IDEAL INSTITUTE OF NURSING 17/12/2023 675.00   362 SON 570 17/12/2023 17/12/2023 Books
            IDEAL INSTITUTE OF NURSING IDEAL INSTITUTE OF NURSING 17/12/2023 725.00   362 SON 1374 17/12/2023 17/12/2023 Books
            IDEAL INSTITUTE OF NURSING IDEAL INSTITUTE OF NURSING 17/12/2023 725.00   362 SON 1375 17/12/2023 17/12/2023 Books
            IDEAL INSTITUTE OF NURSING IDEAL INSTITUTE OF NURSING 17/12/2023 725.00   362 SON 1376 17/12/2023 17/12/2023 Books
© Ideal Institute Of Nursing, All rights reserved.         Powered by Koha